Quiz o Cesarstwie Wschodniorzymskim - Statystyki

Ogólne statystyki
  • Ten quiz został rozwiązany 54 razy
  • Średni wynik to 9 z 14
Statystyki odpowiedzi
Hint Odpowiedź % Poprawnych
Stolica Konstantynopol
98%
Potoczna, skrócona nazwa państwa Bizancjum
95%
Religia państwowa prawosławie
84%
Najsłynniejszy cesarz, wprowadził własny kodeks prawny Justynian I Wielki
77%
Broń masowego rażenia, w którą uzbrojone były bizantyjskie okręty; pierwowzór napalmu ogień grecki
74%
Rok upadku 1453
72%
Cieśnina łącząca Morze Czarne z Morzem Marmara Bosfor
72%
Najsłynniejsza świątynia Hagia Sofia
65%
Herb cesarzy z dynastii Paleologów podchwycony przez inne cesarstwa europejskie dwugłowy orzeł
63%
Pierwszy cesarz Konstantyn I Wielki
51%
Oficjalny tytuł cesarzy basileus / autokrator
49%
Ostatni cesarz Konstantyn XI Paleolog
49%
Zatoka, nad którą leżała stolica Złoty Róg
33%
Symbol państwa na tarczach wojskowych i pieczęciach chrystogram
16%
Nie znaleziono quizów pasujących do podanych kryteriów
Rozkład punktacji
Procent ludzi z każdym wynikiem
Percentyl według liczby udzielonych odpowiedzi
Twoja historia wyników
Nie rozwiązałeś tego quizu